<?xml version="1.0" encoding="UTF-8"?>
<record
    xmlns:xsi="http://www.w3.org/2001/XMLSchema-instance"
    xsi:schemaLocation="http://www.loc.gov/MARC21/slim http://www.loc.gov/standards/marcxml/schema/MARC21slim.xsd"
    xmlns="http://www.loc.gov/MARC21/slim">

  <leader>01751nam a2200265 a 4500</leader>
  <controlfield tag="001">000042953</controlfield>
  <controlfield tag="005">20240530073936.0</controlfield>
  <controlfield tag="008">140213s1996    dr            000 0 spa d</controlfield>
  <datafield tag="020" ind1=" " ind2=" ">
    <subfield code="a">8484001830</subfield>
  </datafield>
  <datafield tag="040" ind1=" " ind2=" ">
    <subfield code="a">DO-SdBNP</subfield>
    <subfield code="b">spa</subfield>
    <subfield code="c">BNPHU</subfield>
  </datafield>
  <datafield tag="082" ind1=" " ind2=" ">
    <subfield code="a">972.93</subfield>
    <subfield code="b">P349i</subfield>
  </datafield>
  <datafield tag="100" ind1="1" ind2=" ">
    <subfield code="a">Pe&#xF1;a Batlle, Manuel Arturo,</subfield>
    <subfield code="d">1902-1952</subfield>
    <subfield code="9">8406</subfield>
  </datafield>
  <datafield tag="245" ind1="1" ind2="0">
    <subfield code="a">Instituciones pol&#xED;ticas /</subfield>
    <subfield code="c">Manuel Arturo Pe&#xF1;a Batlle.</subfield>
  </datafield>
  <datafield tag="260" ind1=" " ind2=" ">
    <subfield code="a">Santo Domingo :</subfield>
    <subfield code="b">Fundaci&#xF3;n Pe&#xF1;a Batlle,</subfield>
    <subfield code="c">1996.</subfield>
  </datafield>
  <datafield tag="300" ind1=" " ind2=" ">
    <subfield code="a">310 p. ;</subfield>
    <subfield code="c">24 cm.</subfield>
  </datafield>
  <datafield tag="490" ind1="1" ind2=" ">
    <subfield code="a">Obras III</subfield>
  </datafield>
  <datafield tag="504" ind1=" " ind2=" ">
    <subfield code="a">Incluye bibliograf&#xED;a y notas al pie de p&#xE1;ginas.</subfield>
  </datafield>
  <datafield tag="505" ind1="0" ind2=" ">
    <subfield code="g">Presentaci&#xF3;n --</subfield>
    <subfield code="t">Nuestros grandes escritores, Amelia Francasci --</subfield>
    <subfield code="t">Los precursores espa&#xF1;oles del derecho de gentes moderno --</subfield>
    <subfield code="t">Influencia de Machiavelo en las ideas pol&#xED;ticas del siglo XVI --</subfield>
    <subfield code="t">El problema del derecho --</subfield>
    <subfield code="t">Fray Francisco de Vitoria --</subfield>
    <subfield code="t">La Misi&#xF3;n Mella a Espa&#xF1;a en 1854 --</subfield>
    <subfield code="t">Presentaci&#xF3;n del Lic. Manuel A. Amiama en "Acci&#xF3;n cultural" --</subfield>
    <subfield code="t">Notas bibliogr&#xE1;ficas dominicanas --</subfield>
    <subfield code="t">Sobre econom&#xED;a social americana --</subfield>
    <subfield code="t">Fray Cipriano de Utrera --</subfield>
    <subfield code="t">La codificaci&#xF3;n del derecho internacional en Am&#xE9;rica --</subfield>
    <subfield code="t">Transformaciones del pensamiento pol&#xED;tico</subfield>
    <subfield code="t">Problemas municipales --</subfield>
    <subfield code="t">Matrimonio y divorcio en Santo Domingo --</subfield>
    <subfield code="t">Sincretismo y superficialidad --</subfield>
    <subfield code="t">Cuestionario de Pe&#xF1;a Batlle a la Uni&#xF3;n Panamericana --</subfield>
    <subfield code="t">Rese&#xF1;as hist&#xF3;ricas de la constituci&#xF3;n dominicana y sus reformas --</subfield>
    <subfield code="g">&#xCD;ndice de nombres, materias y lugares.</subfield>
  </datafield>
  <datafield tag="650" ind1=" " ind2="0">
    <subfield code="a">Ensayos dominicanos</subfield>
    <subfield code="9">65</subfield>
  </datafield>
  <datafield tag="651" ind1=" " ind2="4">
    <subfield code="a">Rep&#xFA;blica Dominicana</subfield>
    <subfield code="x">Historia</subfield>
    <subfield code="x">Ensayos, Conferencias, Etc.</subfield>
    <subfield code="9">7095</subfield>
  </datafield>
  <datafield tag="651" ind1=" " ind2="4">
    <subfield code="a">Rep&#xFA;blica Dominicana</subfield>
    <subfield code="x">Pol&#xED;tica Y Gobierno</subfield>
    <subfield code="x">Ensayos, Conferencias, Etc.</subfield>
    <subfield code="9">1167</subfield>
  </datafield>
  <datafield tag="830" ind1=" " ind2="0">
    <subfield code="a">Obras III</subfield>
    <subfield code="9">70442</subfield>
  </datafield>
  <datafield tag="910" ind1=" " ind2=" ">
    <subfield code="a">Validado. Control de calidad EMS</subfield>
  </datafield>
  <datafield tag="049" ind1=" " ind2=" ">
    <subfield code="a">BNPD</subfield>
  </datafield>
  <datafield tag="952" ind1=" " ind2=" ">
    <subfield code="0">0</subfield>
    <subfield code="1">0</subfield>
    <subfield code="7">1</subfield>
    <subfield code="8">PD</subfield>
    <subfield code="a">PD</subfield>
    <subfield code="b">PD</subfield>
    <subfield code="c">HD</subfield>
    <subfield code="d">2014-02-13</subfield>
    <subfield code="i">LF1</subfield>
    <subfield code="l">0</subfield>
    <subfield code="o">972.93 P349i</subfield>
    <subfield code="p">42953-10</subfield>
    <subfield code="r">2020-06-25</subfield>
    <subfield code="w">2020-06-25</subfield>
    <subfield code="y">LFPD</subfield>
    <subfield code="Z">No se presta</subfield>
  </datafield>
  <datafield tag="999" ind1=" " ind2=" ">
    <subfield code="c">42442</subfield>
    <subfield code="d">42442</subfield>
  </datafield>
</record>
